| 000 | 00804nam a22002657a 4500 | ||
|---|---|---|---|
| 003 | CHAP | ||
| 005 | 20220329141755.0 | ||
| 008 | 971013s1966 r 00010 d | ||
| 010 | _a73595 | ||
| 011 | _a74567 | ||
| 035 | _a84126 | ||
| 040 | _cCHAP | ||
| 082 |
_a635 _bG3 |
||
| 100 | 0 | 0 |
_aGardner, Victor Ray. _946856 |
| 245 | _aPrinciples of horticultural production | ||
| 260 |
_a(East Lansing) : _bMichigan State University, _c1966 |
||
| 300 |
_a583 p. _b: ilus. |
||
| 590 |
_aBATCH-UPD _b10 _c20130110 _lUCH01 _h0726 |
||
| 590 |
_aCONVERSION _b10 _c20130109 _lUCH01 _h1340 |
||
| 650 | 1 | 4 |
_aHorticultura. _956291 |
| 901 | _aBK | ||
| 942 | _cLIBRO | ||
| 949 |
_a635 G3 _bBC _cLIBRO _d33724000243028 _eLIBRO _h16184 _i84126 _si |
||
| 949 |
_a635 G3 _bBC _cLIBRO _d33724000243036 _eLIBRO _fc.2 _h39482 _i84126 _mD _si |
||
| 999 |
_c73595 _d73595 |
||